[Event "4NCL/2001-02/D3/BRI2-GUI3"]
[Site "Rd10-Birmingham"]
[Date "2002.05.05"]
[Round "10.2"]
[White "Briscoe, Christopher"]
[Black "Easton, Alex"]
[Result "1-0"]
[WhiteElo "2157"]
[BlackElo "2139"]
[PlyCount "99"]
[EventDate "2002.05.05"]
[EventCountry "ENG"]
[SourceTitle "BritBase"]
[Source "John Saunders"]
[SourceDate "2024.10.24"]
[SourceVersion "1"]
[SourceVersionDate "2024.10.24"]
[SourceQuality "1"]
[WhiteTeam "Guildford-ADC 3"]
[BlackTeam "Bristol 2"]
[WhiteTeamCountry "ENG"]
[BlackTeamCountry "ENG"]

1. e4 e6 2. d4 d5 3. Nd2 Nf6 4. e5 Nfd7 5. c3 c5 6. f4 Nc6 7. Ndf3 Qb6 8. g3 Be7 9. Kf2 f6 10. Kg2 cxd4 11. cxd4 O-O 12. Bd3 Kh8 13. Bb1 a5 14. a4 f5 15. Ne2 Ndb8 16. h4 Bd7 17. h5 Na6 18. Nh4 Bxh4 19. Rxh4 Rac8 20. Ra3 Nab4 21. Rf3 Qd8 22. Bd2 Na7 23. Be1 b5 24. axb5 Bxb5 25. Nc3 Be8 26. Na4 Bxa4 27. Qxa4 Qb6 28. h6 g6 29. Rc3 Qb5 30. Qd1 Rxc3 31. Bxc3 Nbc6 32. g4 Qb7 33. gxf5 gxf5 34. Rh3 Qf7 35. Be1 Rg8+ 36. Bg3 Qg6 37. Kf2 Qg4 38. Qxg4 Rxg4 39. Ke3 Nb5 40. Bc2 Nbxd4 41. Bd1 Rg6 42. Ba4 Kg8 43. Be1 Rg2 44. Rg3+ Rxg3+ 45. Bxg3 Kf7 46. Be1 Kg6 47. Bc3 Kxh6 48. Bxd4 Nxd4 49. Kxd4 Kg7 50. Bd1 1-0

[Event "4NCL/2001-02/D3/BRI2-GUI3"]
[Site "Rd10-Birmingham"]
[Date "2002.05.05"]
[Round "10.3"]
[White "Rudd, Jack"]
[Black "Shepley, Julien M"]
[Result "1-0"]
[WhiteElo "2135"]
[BlackElo "2108"]
[PlyCount "61"]
[EventDate "2002.05.05"]
[EventCountry "ENG"]
[SourceTitle "BritBase"]
[Source "John Saunders"]
[SourceDate "2024.10.24"]
[SourceVersion "1"]
[SourceVersionDate "2024.10.24"]
[SourceQuality "1"]
[WhiteTeam "Bristol 2"]
[BlackTeam "Guildford-ADC 3"]
[WhiteTeamCountry "ENG"]
[BlackTeamCountry "ENG"]

1. e4 d5 2. exd5 Nf6 3. d4 Bg4 4. f3 Bf5 5. Bb5+ Nbd7 6. c4 a6 7. Bxd7+ Qxd7 8. Nc3 e6 9. dxe6 Qxe6+ 10. Qe2 Bd3 11. Qxe6+ fxe6 12. c5 O-O-O 13. Be3 Nd5 14. Nxd5 exd5 15. O-O-O Bg6 16. Nh3 Be7 17. Bg5 Rhe8 18. Rhe1 Bf6 19. Bxf6 gxf6 20. Kd2 Kd7 21. Nf4 c6 22. Kc3 Rxe1 23. Rxe1 Re8 24. Rxe8 Bxe8 25. Kb4 Bf7 26. Ka5 Kc7 27. g4 Kc8 28. Kb6 Kb8 29. h4 Kc8 30. g5 fxg5 31. hxg5 1-0

[Event "4NCL/2001-02/D3/BRI2-GUI3"]
[Site "Rd10-Birmingham"]
[Date "2002.05.05"]
[Round "10.4"]
[White "Sharp, Peter"]
[Black "Curtis, John"]
[Result "1/2-1/2"]
[WhiteElo "2104"]
[BlackElo "2118"]
[PlyCount "42"]
[EventDate "2002.05.05"]
[EventCountry "ENG"]
[SourceTitle "BritBase"]
[Source "John Saunders"]
[SourceDate "2024.10.24"]
[SourceVersion "1"]
[SourceVersionDate "2024.10.24"]
[SourceQuality "1"]
[WhiteTeam "Guildford-ADC 3"]
[BlackTeam "Bristol 2"]
[WhiteTeamCountry "ENG"]
[BlackTeamCountry "ENG"]

1. d4 Nf6 2. c4 c5 3. d5 e5 4. Nc3 d6 5. e4 Be7 6. Be2 O-O 7. Nf3 Nbd7 8. O-O Ne8 9. a3 g6 10. Bh6 Ng7 11. Qd2 Nf6 12. Ne1 Kh8 13. Nd3 Ng8 14. Be3 f5 15. f4 fxe4 16. Nxe4 Bf5 17. Ndf2 Nf6 18. Nxf6 Bxf6 19. g4 exf4 20. Bxf4 g5 21. Bg3 Bg6 1/2-1/2

[Event "4NCL/2001-02/D3/BRI2-GUI3"]
[Site "Rd10-Birmingham"]
[Date "2002.05.05"]
[Round "10.5"]
[White "Frost, Nicholas A"]
[Black "Punnett, Alan Kenneth"]
[Result "1-0"]
[WhiteElo "2113"]
[BlackElo "2121"]
[PlyCount "81"]
[EventDate "2002.05.05"]
[EventCountry "ENG"]
[SourceTitle "BritBase"]
[Source "John Saunders"]
[SourceDate "2024.10.24"]
[SourceVersion "1"]
[SourceVersionDate "2024.10.24"]
[SourceQuality "1"]
[WhiteTeam "Bristol 2"]
[BlackTeam "Guildford-ADC 3"]
[WhiteTeamCountry "ENG"]
[BlackTeamCountry "ENG"]

1. e4 e6 2. d4 d5 3. e5 c5 4. c3 Nc6 5. Nf3 Bd7 6. Be2 f6 7. O-O fxe5 8. Nxe5 Nxe5 9. dxe5 Qc7 10. f4 Ne7 11. Na3 O-O-O 12. Nc2 Nc6 13. a3 g5 14. f5 exf5 15. Bxg5 Be7 16. Bf6 Bxf6 17. exf6 Qe5 18. f7 h5 19. Qd3 f4 20. Rae1 Rdf8 21. Bg4 Qd6 22. Bxd7+ Qxd7 23. Rxf4 Rxf7 24. Rxf7 Qxf7 25. Rf1 Qe6 26. Ne3 Re8 27. Nxd5 Ne5 28. Qe4 Nd7 29. Qxe6 Rxe6 30. Nf4 Rh6 31. h4 Kc7 32. g3 Kc6 33. Rd1 Nf6 34. Kg2 a5 35. a4 Rh8 36. Re1 Ng4 37. Re6+ Kd7 38. Re4 Kd6 39. Nxh5 Ne5 40. Nf4 b6 41. Rxe5 1-0

[Event "4NCL/2001-02/D3/BRI2-GUI3"]
[Site "Rd10-Birmingham"]
[Date "2002.05.05"]
[Round "10.6"]
[White "Singleton, Michael Peter F"]
[Black "Humphreys, Jerry G"]
[Result "1-0"]
[WhiteElo "2080"]
[BlackElo "2087"]
[PlyCount "57"]
[EventDate "2002.05.05"]
[EventCountry "ENG"]
[SourceTitle "BritBase"]
[Source "John Saunders"]
[SourceDate "2024.10.24"]
[SourceVersion "1"]
[SourceVersionDate "2024.10.24"]
[SourceQuality "1"]
[WhiteTeam "Guildford-ADC 3"]
[BlackTeam "Bristol 2"]
[WhiteTeamCountry "ENG"]
[BlackTeamCountry "ENG"]

1. d4 Nf6 2. c4 b6 3. Nc3 Bb7 4. f3 e6 5. e4 d5 6. cxd5 exd5 7. e5 Nfd7 8. Bd3 Bb4 9. a3 Bxc3+ 10. bxc3 O-O 11. Nh3 Qh4+ 12. Nf2 c5 13. O-O cxd4 14. cxd4 Ba6 15. Bxa6 Nxa6 16. f4 Nc7 17. g3 Qe7 18. f5 Kh8 19. a4 b5 20. Nd3 Rfc8 21. Rf4 bxa4 22. Rh4 f6 23. e6 Nf8 24. Ba3 Qe8 25. Bxf8 Qxf8 26. Nf4 Qb4 27. Ng6+ Kg8 28. Rxh7 Nxe6 29. fxe6 1-0

[Event "4NCL/2001-02/D3/BRI2-GUI3"]
[Site "Rd10-Birmingham"]
[Date "2002.05.05"]
[Round "10.7"]
[White "Egginton, David C"]
[Black "Smart, Michael"]
[Result "0-1"]
[WhiteElo "1856"]
[BlackElo "1960"]
[PlyCount "76"]
[EventDate "2002.05.05"]
[EventCountry "ENG"]
[SourceTitle "BritBase"]
[Source "John Saunders"]
[SourceDate "2024.10.24"]
[SourceVersion "1"]
[SourceVersionDate "2024.10.24"]
[SourceQuality "1"]
[WhiteTeam "Bristol 2"]
[BlackTeam "Guildford-ADC 3"]
[WhiteTeamCountry "ENG"]
[BlackTeamCountry "ENG"]

1. c4 e5 2. g3 Nf6 3. Nc3 Nc6 4. Bg2 Be7 5. e4 Nd4 6. Nge2 Ne6 7. O-O O-O 8. a3 d6 9. d3 c6 10. h3 a5 11. Be3 Bd7 12. d4 exd4 13. Nxd4 Nc5 14. b3 Re8 15. Qc2 Bf8 16. b4 axb4 17. axb4 Na6 18. Rfb1 d5 19. c5 dxe4 20. Nxe4 Nxe4 21. Bxe4 g6 22. h4 Qe7 23. Bg2 Nxb4 24. Qb3 Rxa1 25. Rxa1 Qxc5 26. Nf3 Qc2 27. Nd4 Qxb3 28. Nxb3 Nc2 29. Rd1 Bg4 30. Rd3 Bf5 31. Rc3 Bg7 32. Rxc2 Bxc2 33. Nc5 b6 34. Bxc6 Rc8 35. Bg2 bxc5 36. Kf1 c4 37. Ke2 c3 38. Bd5 Ba4 0-1

[Event "4NCL/2001-02/D3/BRI2-GUI3"]
[Site "Rd10-Birmingham"]
[Date "2002.05.05"]
[Round "10.8"]
[White "Longson Hegarty, Sarah N"]
[Black "Buckley, Maya"]
[Result "1-0"]
[WhiteElo "1608"]
[BlackElo "1336"]
[PlyCount "61"]
[EventDate "2002.05.05"]
[EventCountry "ENG"]
[SourceTitle "BritBase"]
[Source "John Saunders"]
[SourceDate "2024.10.24"]
[SourceVersion "1"]
[SourceVersionDate "2024.10.24"]
[SourceQuality "1"]
[WhiteTeam "Guildford-ADC 3"]
[BlackTeam "Bristol 2"]
[WhiteTeamCountry "ENG"]
[BlackTeamCountry "ENG"]

1. e4 e6 2. d3 d5 3. Nd2 c5 4. f4 Bd6 5. e5 Bc7 6. Ngf3 f6 7. Nh4 fxe5 8. Qh5+ g6 9. Nxg6 Nf6 10. Qh4 Rg8 11. Nxe5 Nc6 12. Ndf3 Qe7 13. Nxc6 bxc6 14. Ne5 Bxe5 15. fxe5 Nd7 16. Qh5+ Qf7 17. Qxf7+ Kxf7 18. Bf4 Rb8 19. O-O-O Ba6 20. g3 Nb6 21. b3 Rb7 22. Be2 Rgb8 23. Rhf1 Ke7 24. Bg5+ Kd7 25. Rf6 Rg8 26. h4 d4 27. Rdf1 Nd5 28. Rf7+ Kc8 29. Rf8+ Rxf8 30. Rxf8+ Kd7 31. Bg4 1-0

[Event "4NCL/2001-02/D3/MSL-NK"]
[Site "Rd10-Birmingham"]
[Date "2002.05.05"]
[Round "10.1"]
[White "Ghasi, Ameet K"]
[Black "Evans-Quek, Suan Shiau"]
[Result "1/2-1/2"]
[WhiteElo "2290"]
[BlackElo "2257"]
[PlyCount "109"]
[EventDate "2002.05.05"]
[EventType "team-match"]
[EventCountry "ENG"]
[SourceTitle "BritBase"]
[Source "John Saunders"]
[SourceDate "2024.10.24"]
[SourceVersion "1"]
[SourceVersionDate "2024.10.24"]
[SourceQuality "1"]
[WhiteTeam "Mind Sports Ltd"]
[BlackTeam "Nidum Knights"]
[WhiteTeamCountry "ENG"]
[BlackTeamCountry "WLS"]

1. Nf3 g6 2. g3 Bg7 3. d4 d6 4. Bg2 Nc6 5. O-O e5 6. Bg5 f6 7. Bc1 e4 8. Nfd2 d5 9. e3 f5 10. c4 Nf6 11. Nc3 Be6 12. b3 Qe7 13. Nb5 Qf7 14. Ba3 a6 15. Nc3 Bf8 16. Bxf8 Kxf8 17. Rc1 Nb4 18. f3 exf3 19. Nxf3 Qe7 20. Ne5 Rd8 21. Qe2 Kg7 22. Rcd1 Rhe8 23. Rfe1 a5 24. Qb2 c6 25. Ne2 Bf7 26. a3 Na6 27. Nf4 Nc7 28. Rc1 Bg8 29. Qc3 Qxa3 30. Ra1 Qd6 31. Rxa5 Ra8 32. Rea1 Ra6 33. c5 Qe7 34. Bf1 Rxa5 35. Rxa5 g5 36. Nfd3 Be6 37. Nf2 Nd7 38. Nxd7 Bxd7 39. Ra7 Bc8 40. Qa5 Qf7 41. Nd3 Nb5 42. Ra8 Qh5 43. Qd2 Nc7 44. Ra1 Ne6 45. Be2 Qh6 46. Rf1 Nf8 47. Bd1 Qe6 48. Re1 h6 49. Qf2 Re7 50. b4 Bd7 51. g4 Ng6 52. gxf5 Qxf5 53. Qxf5 Bxf5 54. Nf2 Nh4 55. Nh1 1/2-1/2

[Event "4NCL/2001-02/D3/MSL-NK"]
[Site "Rd10-Birmingham"]
[Date "2002.05.05"]
[Round "10.2"]
[White "Williams, Leighton"]
[Black "Parker, Robert"]
[Result "1-0"]
[WhiteElo "2304"]
[BlackElo "2112"]
[PlyCount "71"]
[EventDate "2002.05.05"]
[EventType "team-match"]
[EventCountry "ENG"]
[SourceTitle "BritBase"]
[Source "John Saunders"]
[SourceDate "2024.10.24"]
[SourceVersion "1"]
[SourceVersionDate "2024.10.24"]
[SourceQuality "1"]
[WhiteTeam "Nidum Knights"]
[BlackTeam "Mind Sports Ltd"]
[WhiteTeamCountry "WLS"]
[BlackTeamCountry "ENG"]

1. e4 e5 2. Nf3 Nc6 3. Nc3 Nf6 4. d4 exd4 5. Nd5 d6 6. Nxd4 Nxd4 7. Qxd4 Be7 8. Bf4 Nxd5 9. exd5 Bf6 10. Qd3 O-O 11. O-O-O Bg4 12. f3 Bh5 13. Qd2 Bg6 14. g4 h6 15. Kb1 c6 16. h4 Qb6 17. b3 a5 18. h5 Bh7 19. Bd3 Bxd3 20. Qxd3 c5 21. Rhg1 a4 22. Qc4 axb3 23. cxb3 Qa5 24. Rg2 b5 25. Qc2 Ra6 26. g5 hxg5 27. Bxg5 Qc3 28. Qxc3 Bxc3 29. h6 g6 30. Rd3 Bh8 31. h7+ Kxh7 32. Rh2+ Kg8 33. Rxh8+ Kxh8 34. Bf6+ Kh7 35. f4 g5 36. f5 1-0

[Event "4NCL/2001-02/D3/MSL-NK"]
[Site "Rd10-Birmingham"]
[Date "2002.05.05"]
[Round "10.3"]
[White "Hawkins, James Nick"]
[Black "Walsh, Chris"]
[Result "0-1"]
[WhiteElo "2104"]
[BlackElo "2202"]
[PlyCount "55"]
[EventDate "2002.05.05"]
[EventType "team-match"]
[EventCountry "ENG"]
[SourceTitle "BritBase"]
[Source "John Saunders"]
[SourceDate "2024.10.24"]
[SourceVersion "1"]
[SourceVersionDate "2024.10.24"]
[SourceQuality "1"]
[WhiteTeam "Mind Sports Ltd"]
[BlackTeam "Nidum Knights"]
[WhiteTeamCountry "ENG"]
[BlackTeamCountry "WLS"]

1. e4 e6 2. d4 d5 3. Nc3 Bb4 4. exd5 exd5 5. Bd3 Nf6 6. Bg5 Be6 7. Qf3 Nbd7 8. Nge2 c6 9. O-O h6 10. Bd2 Be7 11. Rfe1 O-O 12. h3 {=} Nb6 13. b3 Nc8 14. Nf4 Bd7 15. Nce2 Nd6 16. Ng3 Nh7 17. c3 Bg5 18. Re2 g6 19. Rae1 Qf6 20. Re5 Qg7 21. Ngh5 Qh8 22. Ng3 {=} Bf6 23. R5e2 Ng5 24. Qe3 Rae8 25. Nxg6 Rxe3 26. Nxh8 Rxd3 27. Nxf7 Kxf7 28. Nh5 0-1

[Event "4NCL/2001-02/D3/MSL-NK"]
[Site "Rd10-Birmingham"]
[Date "2002.05.05"]
[Round "10.4"]
[White "Morris, Gareth D"]
[Black "Purdon, Colin"]
[Result "0-1"]
[WhiteElo "2175"]
[BlackElo "2097"]
[PlyCount "96"]
[EventDate "2002.05.05"]
[EventType "team-match"]
[EventCountry "ENG"]
[SourceTitle "BritBase"]
[Source "John Saunders"]
[SourceDate "2024.10.24"]
[SourceVersion "1"]
[SourceVersionDate "2024.10.24"]
[SourceQuality "1"]
[WhiteTeam "Nidum Knights"]
[BlackTeam "Mind Sports Ltd"]
[WhiteTeamCountry "WLS"]
[BlackTeamCountry "ENG"]

1. d4 Nf6 2. c4 e6 3. Nf3 Bb4+ 4. Nbd2 d5 5. a3 Be7 6. e3 O-O 7. Qc2 a5 8. b3 c5 9. Bb2 Nbd7 10. h3 b6 11. a4 Bb7 12. Bd3 Rc8 13. O-O dxc4 14. bxc4 h6 15. Qb3 Qc7 16. Rfe1 Rfd8 17. Rad1 cxd4 18. exd4 Bb4 19. Re3 Nh5 20. Bf1 Nf4 21. Ba3 Bxa3 22. Qxa3 Nf6 23. Rb1 Ng6 24. Reb3 Ne4 25. Rxb6 Nxd2 26. Nxd2 Ba8 27. Qe3 Qd7 28. Nb3 Qxa4 29. Ra1 Qd7 30. Rxa5 Ne7 31. Bd3 Nc6 32. Rxa8 Rxa8 33. Qe4 Nxd4 34. Qh7+ Kf8 35. Nc5 Qc7 36. Rb7 Ra1+ 37. Bb1 Rxb1+ 38. Qxb1 Qxc5 39. Qh7 Ke8 40. Qxg7 Qf8 41. Qe5 Nc6 42. Qb5 Qd6 43. c5 Qd1+ 44. Kh2 Rc8 45. Qb2 Qd4 46. Qc2 Kf8 47. Qh7 Qg7 48. Qd3 Qe5+ 0-1

[Event "4NCL/2001-02/D3/MSL-NK"]
[Site "Rd10-Birmingham"]
[Date "2002.05.05"]
[Round "10.5"]
[White "Grigoryan, Meri"]
[Black "Gandy, Andrew R"]
[Result "1/2-1/2"]
[WhiteElo "2036"]
[BlackElo "2074"]
[PlyCount "80"]
[EventDate "2002.05.05"]
[EventType "team-match"]
[EventCountry "ENG"]
[SourceTitle "BritBase"]
[Source "John Saunders"]
[SourceDate "2024.10.24"]
[SourceVersion "1"]
[SourceVersionDate "2024.10.24"]
[SourceQuality "1"]
[WhiteTeam "Mind Sports Ltd"]
[BlackTeam "Nidum Knights"]
[WhiteTeamCountry "ENG"]
[BlackTeamCountry "WLS"]

1. e4 d5 2. exd5 Qxd5 3. Nc3 Qa5 4. d4 Nf6 5. Bd2 c6 6. Nf3 Bf5 7. Bc4 e6 8. O-O Bb4 9. a3 Bxc3 10. Bxc3 Qc7 11. Ne5 O-O 12. Bd3 Bxd3 13. Qxd3 Nbd7 14. Bb4 Rfd8 15. Qg3 Nd5 16. Bd2 f6 17. Nxd7 Rxd7 18. Qh3 Re7 19. Rfe1 Qd7 20. Re4 Nc7 21. Rae1 c5 22. Rd1 Qb5 23. b4 cxd4 24. Rxd4 Rd7 25. Be3 Rxd4 26. Rxd4 Qe2 27. g4 Qxc2 28. g5 fxg5 29. Rd7 Qc6 30. Re7 Rd8 31. Qh5 Rf8 32. Qxg5 Rf7 33. Rxf7 Kxf7 34. Bd4 Ne8 35. Qh5+ Kg8 36. Bxa7 Qc1+ 37. Kg2 Qc6+ 38. Qf3 Qb5 39. Bc5 Nf6 40. a4 Qd7 1/2-1/2

[Event "4NCL/2001-02/D3/MSL-NK"]
[Site "Rd10-Birmingham"]
[Date "2002.05.05"]
[Round "10.6"]
[White "Evans, Deborah M"]
[Black "Muter, Donny"]
[Result "1-0"]
[WhiteElo "2070"]
[BlackElo "2099"]
[PlyCount "45"]
[EventDate "2002.05.05"]
[EventType "team-match"]
[EventCountry "ENG"]
[SourceTitle "BritBase"]
[Source "John Saunders"]
[SourceDate "2024.10.24"]
[SourceVersion "1"]
[SourceVersionDate "2024.10.24"]
[SourceQuality "1"]
[WhiteTeam "Nidum Knights"]
[BlackTeam "Mind Sports Ltd"]
[WhiteTeamCountry "WLS"]
[BlackTeamCountry "ENG"]

1. g3 d5 2. Bg2 Nf6 3. Nf3 e6 4. O-O b6 5. d3 Bb7 6. c3 Nbd7 7. Nbd2 Be7 8. Qc2 a5 9. a4 Nc5 10. Ne5 O-O 11. Re1 Nfd7 12. Nxd7 Nxd7 13. e4 dxe4 14. Nxe4 Rb8 15. d4 Nf6 16. Nxf6+ Bxf6 17. Bxb7 Rxb7 18. Qe4 Rb8 19. Bf4 Qd7 20. Rad1 Be7 21. d5 e5 22. Bxe5 f5 23. Qc4 1-0

[Event "4NCL/2001-02/D3/MSL-NK"]
[Site "Rd10-Birmingham"]
[Date "2002.05.05"]
[Round "10.7"]
[White "Ghasi, Sumeet"]
[Black "Tabatabai, John"]
[Result "1-0"]
[WhiteElo "1928"]
[BlackElo "2062"]
[PlyCount "63"]
[EventDate "2002.05.05"]
[EventType "team-match"]
[EventCountry "ENG"]
[SourceTitle "BritBase"]
[Source "John Saunders"]
[SourceDate "2024.10.24"]
[SourceVersion "1"]
[SourceVersionDate "2024.10.24"]
[SourceQuality "1"]
[WhiteTeam "Mind Sports Ltd"]
[BlackTeam "Nidum Knights"]
[WhiteTeamCountry "ENG"]
[BlackTeamCountry "WLS"]

1. e4 c5 2. Nf3 e6 3. d4 cxd4 4. Nxd4 Nf6 5. Bd3 Nc6 6. Nxc6 bxc6 7. Nd2 d5 8. Qe2 Be7 9. O-O O-O 10. Rd1 Qc7 11. e5 Nd7 12. Nf3 Re8 13. b3 f5 14. Bf4 c5 15. c3 Bb7 16. Rac1 a5 17. Qd2 h6 18. h4 Nb6 19. h5 Ba6 20. Bb1 a4 21. Re1 Kh7 22. g4 Rf8 23. gxf5 exf5 24. e6 Qc8 25. Ne5 Ra7 26. Ng6 Rf6 27. Be5 Rxg6+ 28. hxg6+ Kxg6 29. Qf4 Qf8 30. Qg4+ Kh7 31. Bxf5+ Kh8 32. Qg6 1-0

[Event "4NCL/2001-02/D3/MSL-NK"]
[Site "Rd10-Birmingham"]
[Date "2002.05.05"]
[Round "10.8"]
[White "Rees, Ioan L"]
[Black "Kelly, Paul J"]
[Result "1-0"]
[WhiteElo "1970"]
[BlackElo "1856"]
[PlyCount "103"]
[EventDate "2002.05.05"]
[EventType "team-match"]
[EventCountry "ENG"]
[SourceTitle "BritBase"]
[Source "John Saunders"]
[SourceDate "2024.10.24"]
[SourceVersion "1"]
[SourceVersionDate "2024.10.24"]
[SourceQuality "1"]
[WhiteTeam "Nidum Knights"]
[BlackTeam "Mind Sports Ltd"]
[WhiteTeamCountry "WLS"]
[BlackTeamCountry "ENG"]

1. Nf3 d5 2. d4 Nf6 3. c4 c6 4. Nc3 g6 5. Bf4 a6 6. e3 e6 7. Be2 Bg7 8. Ne5 Nbd7 9. Qc2 Nxe5 10. Bxe5 O-O 11. c5 Re8 12. h4 Nd7 13. Bxg7 Kxg7 14. f4 f6 15. O-O-O e5 16. fxe5 fxe5 17. e4 exd4 18. Rxd4 Nxc5 19. exd5 Bf5 20. Qd2 Qa5 21. Kd1 Qb6 22. h5 Ne4 23. Nxe4 Rxe4 24. Rxe4 Bxe4 25. hxg6 Bxg6 26. Qc3+ Kg8 27. dxc6 Rd8+ 28. Kc1 Qc7 29. Bc4+ Bf7 30. Rf1 Bxc4 31. Qxc4+ Kg7 32. Qc3+ Kg8 33. Qb3+ Kg7 34. Qxb7 Qxb7 35. cxb7 Rb8 36. Rd1 Rxb7 37. Rd6 Ra7 38. Kc2 h5 39. b4 Kh7 40. Kb3 Rg7 41. Rd2 Kg6 42. Ka4 Kf5 43. Ka5 Rg6 44. Re2 Kf4 45. a4 h4 46. b5 axb5 47. axb5 Kg3 48. b6 Rf6 49. b7 Rf2 50. b8=Q+ Kxg2 51. Rxf2+ Kxf2 52. Qh2+ 1-0

[Event "4NCL/2001-02/D3/SCS-PP2"]
[Site "Rd10-Birmingham"]
[Date "2002.05.05"]
[Round "10.1"]
[White "Greet, Andrew N"]
[Black "Hansen, Hans-Peter"]
[Result "1/2-1/2"]
[WhiteElo "2245"]
[BlackElo "2144"]
[PlyCount "144"]
[EventDate "2002.05.05"]
[EventType "team-match"]
[EventCountry "ENG"]
[SourceTitle "BritBase"]
[Source "John Saunders"]
[SourceDate "2024.10.24"]
[SourceVersion "1"]
[SourceVersionDate "2024.10.24"]
[SourceQuality "1"]
[WhiteTeam "Southern Counties Stars"]
[BlackTeam "Poisoned Pawns 2"]
[WhiteTeamCountry "ENG"]
[BlackTeamCountry "ENG"]

1. e4 d5 2. exd5 Qxd5 3. Nc3 Qa5 4. d4 c6 5. Nf3 Nf6 6. Ne5 Be6 7. Nc4 Bxc4 8. Bxc4 e6 9. O-O Bd6 10. Qd3 Nbd7 11. Bd2 Qh5 12. h3 Nb6 13. Bb3 Qg6 14. Qf3 O-O 15. Rae1 Rad8 {=} 16. Ne4 Nxe4 17. Rxe4 c5 18. dxc5 Bxc5 19. Bc3 h5 20. Re5 Nd5 21. Bxd5 Rxd5 22. Rxd5 exd5 23. Qxd5 b6 24. Qd3 Qxd3 25. cxd3 Rd8 26. Rd1 Bd4 27. Bxd4 Rxd4 28. f3 Kf8 29. Kf2 Ke7 30. Ke3 Rd6 31. Rd2 Re6+ 32. Kf4 g6 33. g4 Rf6+ 34. Kg3 h4+ 35. Kf2 Rc6 36. Ke3 Rc1 37. Rh2 g5 38. f4 f6 39. fxg5 fxg5 40. Kd4 Rf1 41. Re2+ Kd6 42. Re3 Rf2 43. Kc3 Rh2 44. a4 a6 45. b3 Rf2 46. d4 Rh2 47. Rf3 Rh1 48. Kd3 Ke6 49. Ke4 Re1+ 50. Re3 Rf1 51. Kd3+ Kd6 52. Re5 Rf3+ 53. Kc4 Rxh3 54. Rxg5 Rg3 55. Rg6+ Kc7 56. Kd5 Rxb3 57. Rg7+ Kd8 58. Kd6 Ke8 59. d5 Rb4 60. Re7+ Kf8 61. Kd7 Rxg4 62. d6 Rg7 63. Kd8 h3 64. Re1 h2 65. Rh1 Rg2 66. d7 b5 67. a5 b4 68. Rf1+ Kg7 69. Kc7 Rc2+ 70. Kb7 Rd2 71. Kc7 Rc2+ 72. Kb7 Rd2 1/2-1/2

[Event "4NCL/2001-02/D3/SCS-PP2"]
[Site "Rd10-Birmingham"]
[Date "2002.05.05"]
[Round "10.2"]
[White "Goodger, Martyn"]
[Black "Rattray, Ross"]
[Result "0-1"]
[WhiteElo "2143"]
[BlackElo "2050"]
[PlyCount "70"]
[EventDate "2002.05.05"]
[EventType "team-match"]
[EventCountry "ENG"]
[SourceTitle "BritBase"]
[Source "John Saunders"]
[SourceDate "2024.10.24"]
[SourceVersion "1"]
[SourceVersionDate "2024.10.24"]
[SourceQuality "1"]
[WhiteTeam "Poisoned Pawns 2"]
[BlackTeam "Southern Counties Stars"]
[WhiteTeamCountry "ENG"]
[BlackTeamCountry "ENG"]

1. e4 c5 2. Nf3 Nc6 3. c3 Nf6 4. e5 Nd5 5. d4 cxd4 6. Bc4 Nb6 7. Bb3 d5 8. exd6 Qxd6 9. O-O d3 10. Na3 Bf5 11. Nb5 Qd7 12. Bf4 Rc8 13. Nxa7 Nxa7 14. Ne5 Qd6 15. Bxf7+ Kd8 16. Bb3 Ke8 17. Bf7+ Kd8 18. Bh5 Qf6 19. Nf7+ Ke8 20. Nd6+ Kd8 21. Nf7+ Ke8 {=} 22. Bg5 Qxf7 23. Bxf7+ Kxf7 24. Qb3+ Nc4 25. Qxb7 Kg6 26. Be3 Nxe3 27. fxe3 e6 28. g4 Bxg4 29. Qf7+ Kh6 30. Rf4 Bh5 31. Qxe6+ g6 32. Ra4 Bc5 33. b4 Rhe8 34. bxc5 Rxe6 35. Rxa7 d2 0-1

[Event "4NCL/2001-02/D3/SCS-PP2"]
[Site "Rd10-Birmingham"]
[Date "2002.05.05"]
[Round "10.3"]
[White "Habibi, Amir"]
[Black "Day, Tom W"]
[Result "1-0"]
[WhiteElo "2042"]
[BlackElo "2115"]
[PlyCount "117"]
[EventDate "2002.05.05"]
[EventType "team-match"]
[EventCountry "ENG"]
[SourceTitle "BritBase"]
[Source "John Saunders"]
[SourceDate "2024.10.24"]
[SourceVersion "1"]
[SourceVersionDate "2024.10.24"]
[SourceQuality "1"]
[WhiteTeam "Southern Counties Stars"]
[BlackTeam "Poisoned Pawns 2"]
[WhiteTeamCountry "ENG"]
[BlackTeamCountry "ENG"]

1. e4 e5 2. Nf3 Nc6 3. Bb5 Nge7 4. O-O g6 5. d4 exd4 6. Nxd4 Bg7 7. c3 Nxd4 8. cxd4 c6 9. Ba4 d5 10. e5 O-O 11. Bg5 f6 12. Bf4 fxe5 13. Bxe5 Bxe5 14. dxe5 Be6 15. Nd2 Rf5 16. Nf3 Rf4 17. Bc2 Bg4 18. Qd2 Rf8 19. Nd4 Qb6 20. h3 Bf5 21. Bb3 Rad8 22. Ne2 c5 23. Qg5 Qc7 24. Rae1 Bd3 25. Nf4 Rxf4 26. Qxf4 Bxf1 27. Rxf1 c4 28. Bd1 Nc6 29. Re1 Re8 30. Bf3 Qa5 31. Re2 Qc5 32. Bg4 Nd4 33. Re3 Rf8 34. Qg5 Nf5 35. Rf3 Ng7 36. e6 Rxf3 37. gxf3 Qf8 38. Qxd5 Qe7 39. Qd7 Kf8 40. Qc8+ Qe8 41. Qxb7 h5 42. e7+ Qxe7 43. Qb8+ Ne8 44. Qf4+ Kg7 45. Bc8 Qc5 46. Be6 Nd6 47. Qe3 Qc7 48. Qe5+ Kh7 49. f4 Qd8 50. Qg5 Qf8 51. f5 Nxf5 52. Bxf5 Qxf5 53. Qxf5 gxf5 54. f4 Kg7 55. Kf2 Kf7 56. Ke3 Ke6 57. Kd4 Kd6 58. Kxc4 a5 59. a4 1-0

[Event "4NCL/2001-02/D3/SCS-PP2"]
[Site "Rd10-Birmingham"]
[Date "2002.05.05"]
[Round "10.4"]
[White "Winfridsson, Ola"]
[Black "Partington, Anna"]
[Result "0-1"]
[WhiteElo "2032"]
[BlackElo "2047"]
[PlyCount "50"]
[EventDate "2002.05.05"]
[EventType "team-match"]
[EventCountry "ENG"]
[SourceTitle "BritBase"]
[Source "John Saunders"]
[SourceDate "2024.10.24"]
[SourceVersion "1"]
[SourceVersionDate "2024.10.24"]
[SourceQuality "1"]
[WhiteTeam "Poisoned Pawns 2"]
[BlackTeam "Southern Counties Stars"]
[WhiteTeamCountry "ENG"]
[BlackTeamCountry "ENG"]

1. d4 f5 2. Nc3 g6 3. Bg5 Nh6 4. h4 Nf7 5. Bf4 Bg7 6. e4 d6 7. Bc4 Rf8 8. h5 Nc6 9. Nf3 fxe4 10. hxg6 hxg6 11. Rh7 exf3 12. Rxg7 e5 13. Bxf7+ Rxf7 14. Rg8+ Rf8 15. Rxf8+ Kxf8 16. dxe5 fxg2 17. Ne2 Qh4 18. Bg3 Qe4 19. Kd2 dxe5 20. Nc3 Qd4+ 21. Ke2 Bf5 22. f3 Qc5 23. Bf2 Qc4+ 24. Ke3 Rd8 25. Qc1 Rd3+ 0-1